| 000 | 00429nam a2200133Ia 4500 | ||
|---|---|---|---|
| 008 | 231221s9999 xx 000 0 und d | ||
| 041 | _aEnglish | ||
| 100 | _aReshi, Mohd. Yaseen, Comp. | ||
| 245 | 0 | _aFood and Beverage Production 4th SEM BHM [electronic resource : Course Information] | |
| 260 |
_c2-10-07 _bHotel Management, PES _aBangalore |
||
| 650 | _aFood,Beverage,Production, | ||
| 650 | _aHotel Management | ||
| 942 | _cDL | ||
| 999 |
_c204682 _d204682 |
||